Video Games by Picture: S - Statistics

General Stats
  • This quiz has been taken 164 times
  • The average score is 13 of 24
Answer Stats
Picture Answer % Correct
Spider-Man
93%
(The) Sims 4
93%
Star Wars: Battlefront
90%
Sonic Mania
84%
Super Smash Bros: Ultimate
80%
Spyro: Reignited Trilogy
78%
Skate 3
75%
Splatoon
69%
Space Invaders
61%
Stray
60%
Subnautica
60%
Sea of Thieves
57%
Stardew Valley
57%
SimCity
55%
Silent Hill 2
52%
Shadow of the Colossus
45%
Super Meat Boy Forever
40%
Soulcalibur VI
29%
Splinter Cell: Chaos Theory
29%
Sly Cooper: Thieves in Time
28%
SSX Tricky
17%
Serious Sam: Next Encounter
15%
Sega Rally
5%
Sensible Soccer
5%
No matching quizzes found
Score Distribution
Percent of People with Each Score
Percentile by Number Answered
Your Score History
You have not taken this quiz